Score 0/12 Timer 01:00
1 Play Today
% Correct
Adam
83.3%
Abel
82.9%
Andrew
71.8%
Abraham
71.3%
Antioch
70.4%
Aaron
69.8%
Abigail
67.1%
Ahab
47.5%
Asherah
45.7%
Asher
45.2%
Amos
43.5%
Apollos
31%
Remove Ads.
Support Sporcle.
Get the best of Sporcle when you Go Orange. This ad-free experience offers more features, more stats, and more fun while also helping to support Sporcle. Thank you for becoming a member.

You're not logged in!

Compare scores with friends on all Sporcle quizzes.
OR
Log In

Show Comments

Extras

Top Quizzes Today


Score Distribution

Your Account Isn't Verified!

In order to create a playlist on Sporcle, you need to verify the email address you used during registration. Go to your Sporcle Settings to finish the process.

Report this User

Report this user for behavior that violates our Community Guidelines.

Details: